000 00214 a2200097 4500
001 47002
100 _aBlumenson M
245 _aRommel's Last Victory
260 _aLondon
_bGeorge Allen
_c
090 _c30071
_d30071
942 _aNUST-CAE
_cM
_c22305
999 _c282075
_d282075